| 000 | 01936nam a2200217 4500 | ||
|---|---|---|---|
| 008 | 171010b xxu||||| |||| 00| 0 eng d | ||
| 020 | _a0-8151-7246-X | ||
| 082 |
_21996 _aDC 610.7367 _bR64 |
||
| 100 |
_922979 _aRollant, Paulette D |
||
| 245 |
_aMaternity nursing / _cPaulette D. Rollant, Karen A. Piotrowski |
||
| 260 |
_aSt. Louis, Missouri : _bMosby-Year Book, _c©1996. |
||
| 300 |
_axxiii, 527 pages : _billustrations ; _c23 cm. |
||
| 440 |
_922980 _aMosby's review series |
||
| 500 | _aIncludes bibliographical references and index. | ||
| 505 | _aContents Ch. 1 Essential Elements for Nursing 1 Ch. 2 Human Conception and Fetal Development 17 Ch. 3 Anatomic and Physiologic Adaptations to Pregnancy 41 Ch. 4 Psychosocial Impact of Pregnancy and Impending Parenthood 61 Ch. 5 Application of the Nursing Process during Pregnancy 77 Ch. 6 Assessment of Fetal Health during Pregnancy 113 Ch. 7 High Risk Pregnancy 131 Ch. 8 Parturition - The Process of Labor and Birth 171 Ch. 9 Application of the Nursing Process during Parturition 193 Ch. 10 Assessment of Fetal Responses to Labor and Birth 243 Ch. 11 Complications Associated with Labor and Birth 261 Ch. 12 The Process of Physical Recovery Following Birth 297 Ch. 13 Psychosocial Adjustment to the Newborn 319 Ch. 14 Application of the Nursing Process during the Postpartum Period 341 Ch. 15 Complications Associated with the Postpartum Period 369 Ch. 16 Physiologic Adaptations to Extrauterine Life 383 Ch. 17 Application of the Nursing Process during the Neonatal Period 429 Ch. 18 Alterations in Adaptations of the Newborn 461 Comprehensive Exam 485 Bibliography 509 Index 513 | ||
| 650 | 0 |
_922981 _aMaternity nursing -- Outlines, syllabi, etc |
|
| 650 | 0 |
_922982 _aGynecologic nursing -- Outlines, syllabi, etc |
|
| 650 | 0 |
_922983 _aMaternity nursing -- Examinations, questions, etc |
|
| 700 |
_922984 _aPiotrowski, Karen A |
||
| 942 |
_2ddc _cDC |
||
| 999 |
_c7609 _d7609 |
||